LDR 01254nam a2200229 i 4500 001 000000029263 003 CaOOAMICUS 005 20260430100222.0 008 180830s19011911gw u000 u ger u 040 $aSeMil$bita 100 1 $aSchürer, Emil,$d<1844-1910>.$0(OLS)http://semarc/name/2379 245 10$aGeschichte des Jüdischen volkes im zeitalter Jesu Christi /$cvon D. Emil Schürer. 260 $aLeipzig :$bHinrichs'sche Buchhandlung,$c1901. 300 $a3 v. (in 4 tomi) ;$c24 cm. 650 4$aEbrei - Storia.$0(OLS)http://semarc/subject/4633 774 0 $aSchürer, Emil <1844-1910>$t1: Einleitung und politische Geschichte.$b3. und 4. Aufl.$g1$w()225722 774 0 $aSchürer, Emil <1844-1910>$t2: Die inneren Zustände.$b4. Aufl.$g2$w()225723 774 0 $aSchürer, Emil <1844-1910>$t3: Das Judentum in der Zerstreuung und die jüdische Literatur.$b4. Aufl.$g3$w()225724 774 0 $aSchürer, Emil <1844-1910>$tRegister zu den 3 Bänden.$b4. Aufl.$dLeipzig : Hinrichs'sche Buchhandlung, 1911.$w()225716 996 $6245$aGeschichte des Jüdischen volkes im zeitalter Jesu Christi$9(OLS)http://semarc/title/39740 996 $6260$aLeipzig :$bHinrichs'sche Buchhandlung$9(OLS)http://semarc/publisher/33281